Mathematics: a liberal arts approach. (Record no. 352600)
[ view plain ]
| 000 -LEADER | |
|---|---|
| fixed length control field | 00672 a2200229 4500 |
| 003 - CONTROL NUMBER IDENTIFIER | |
| control field | OSt |
| 005 - DATE AND TIME OF LATEST TRANSACTION | |
| control field | 20180116192339.0 |
| 008 - FIXED-LENGTH DATA ELEMENTS--GENERAL INFORMATION | |
| fixed length control field | 120510t xxu||||| |||| 00| 0 eng d |
| 010 ## - LIBRARY OF CONGRESS CONTROL NUMBER | |
| LC control number | 73000918 |
| 020 ## - INTERNATIONAL STANDARD BOOK NUMBER | |
| International Standard Book Number | 015555235X |
| 040 ## - CATALOGING SOURCE | |
| Transcribing agency | 0 |
| 082 00 - DEWEY DECIMAL CLASSIFICATION NUMBER | |
| Classification number | 510 |
| 100 1# - MAIN ENTRY--PERSONAL NAME | |
| Personal name | Graham, Malcolm, |
| 9 (RLIN) | 1296 |
| 245 10 - TITLE STATEMENT | |
| Title | Mathematics: a liberal arts approach. |
| 260 ## - PUBLICATION, DISTRIBUTION, ETC. | |
| Place of publication, distribution, etc. | New York, |
| Name of publisher, distributor, etc. | Harcourt Brace Jovanovich |
| Date of publication, distribution, etc. | [1973] |
| 300 ## - PHYSICAL DESCRIPTION | |
| Extent | x, 278 p .: |
| Other physical details | illus .; |
| Dimensions | 25 cm. |
| 500 ## - GENERAL NOTE | |
| General note | Includes index. |
| 650 #0 - SUBJECT ADDED ENTRY--TOPICAL TERM | |
| Topical term or geographic name entry element | Mathematics. |
| 9 (RLIN) | 1297 |
| 650 #0 - SUBJECT ADDED ENTRY--TOPICAL TERM | |
| Topical term or geographic name entry element | Finite mathematics |
| 9 (RLIN) | 1298 |
| 942 ## - ADDED ENTRY ELEMENTS (KOHA) | |
| Institution code [OBSOLETE] | SADA |
| Koha item type | Book |
| Call number prefix | 510 GRA 1973 |
| Source of classification or shelving scheme | |
| Withdrawn status | Lost status | Source of classification or shelving scheme | Damaged status | Not for loan | Permanent Location | Current Location | Date acquired | Total Checkouts | Full call number | Barcode | Date last seen | Copy number | Price effective from | Koha item type | Date last checked out |
|---|---|---|---|---|---|---|---|---|---|---|---|---|---|---|---|
| School of Art Design and Architecture (SADA) | School of Art Design and Architecture (SADA) | 10/05/2010 | 510 GRA 1973 | SADA0000386 | 08/05/2011 | 01 | 08/05/2011 | Book | |||||||
| School of Art Design and Architecture (SADA) | School of Art Design and Architecture (SADA) | 10/05/2010 | 510 GRA 1973 | SADA0000387 | 08/05/2011 | 02 | 08/05/2011 | Book | |||||||
| School of Art Design and Architecture (SADA) | School of Art Design and Architecture (SADA) | 10/05/2010 | 2 | 510 GRA 1973 | SADA0000388 | 01/06/2012 | 03 | 08/05/2011 | Book | 12/12/2011 | |||||
| School of Art Design and Architecture (SADA) | School of Art Design and Architecture (SADA) | 10/05/2010 | 510 GRA 1973 | SADA0000389 | 08/05/2011 | 04 | 08/05/2011 | Book | |||||||
| School of Art Design and Architecture (SADA) | School of Art Design and Architecture (SADA) | 10/05/2010 | 1 | 510 GRA 1973 | SADA0000390 | 08/22/2011 | 05 | 08/05/2011 | Book | 08/16/2011 |
